Miasta przy drodze krajowej nr 10 - Statystyki

Ogólne statystyki
  • Ten quiz został rozwiązany 53 razy
  • Średni wynik to 12 z 18
Statystyki odpowiedzi
Ludność Województwo Miasto % Poprawnych
348 190 Kujawsko-Pomorskie Bydgoszcz
100%
400 990 Zachodniopomorskie Szczecin
98%
201 447 Kujawsko-Pomorskie Toruń
92%
73 139 Wielkopolskie Piła
88%
67 795 Zachodniopomorskie Stargard
84%
25 801 Zachodniopomorskie Wałcz
82%
22 256 Mazowieckie Płońsk
76%
17 962 Mazowieckie Sierpc
69%
18 189 Kujawsko-Pomorskie Nakło nad Notecią
67%
14 371 Kujawsko-Pomorskie Lipno
65%
15 635 Kujawsko-Pomorskie Solec Kujawski
59%
2 964 Zachodniopomorskie Recz
51%
5 174 Wielkopolskie Wyrzysk
51%
3 064 Zachodniopomorskie Mirosławiec
49%
2 861 Mazowieckie Drobin
45%
4 375 Zachodniopomorskie Kalisz Pomorski
39%
3 590 Kujawsko-Pomorskie Skępe
37%
1 454 Zachodniopomorskie Suchań
31%
Nie znaleziono quizów pasujących do podanych kryteriów
Rozkład punktacji
Procent ludzi z każdym wynikiem
Percentyl według liczby udzielonych odpowiedzi
Twoja historia wyników
Nie rozwiązałeś tego quizu